Wolves - Selena Gomez, Marshmello - Paroles - Statistiques

Statistiques générales
  • Ce quiz a été pris 233 fois
  • Le résultat moyen est 232 sur 347
Statistiques - réponses
Réponse % Correct
i
97%
you
95%
to
91%
a
90%
the
89%
wolves
84%
get
83%
In
83%
in
83%
love
79%
your
77%
eyes
75%
blue
73%
been
72%
jungle
69%
on
69%
running
69%
and
65%
lose
65%
me
65%
with
63%
heavy
61%
I've
60%
i've
60%
night
59%
one
59%
there's
59%
through
57%
don't
56%
make
56%
feel
55%
dark
53%
of
52%
all
51%
for
51%
have
50%
sky
50%
sweet
50%
much
49%
choose
48%
too
48%
or
47%
wanna
47%
water
47%
moon
46%
that
46%
down
44%
stranger
44%
summer
44%
wine
44%
side
43%
we
42%
crying
41%
my
41%
drunk
40%
truth
40%
alone
39%
stars
39%
way
38%
darkest
37%
did
37%
anger
35%
feeling
35%
took
35%
divine
33%
every
33%
never
33%
skin
33%
yeah
32%
alleys
31%
place
31%
looked
30%
saw
28%
fingertips
25%
ease
23%
i'm
23%
trace
21%
break
20%
following
20%
these
20%
walls
20%
come
19%
blindly
10%
Aucun quiz correspondant
Distribution des résultats
% des personnes avec chaque résultat
Percentile par nombre de réponses
Votre historique - résultats
Vous n’avez pas pris ce quiz